00779nam a22002057a 4500003000900000008004100009040007100050082001700121100002300138245002900161260003700190300002800227440005200255505013800307650002700445650001300472650001300485700003600498700003900534AR-CdUCM190511b ||||| |||| 00| 0 spa d aMUNICIPALIDAD PROVINCIAL DEL CUSCOcBIBLIOTECA MUNICIPAL DEL CUSCO a345.7 /bG66 aGoldschmidt, James aDerecho procesal civil / aBarcelona :bEdit. Labor,c1936. a916 páginas ;c24 cm. aEnciclopedia de ciencias jurídicas y sociales aContenido: Nociones fundamentales -- Bases del proceso de derecho justiciario material -- Bases del derecho político del proceso... aDerecho procesal civil aAlemania aEspaña aPrieto, Leonardo (traducción) aAlcalá Zamora y Castillo, Niceto